Перейти до змісту

Причины гусситско-таборитского движения

Классическое произведение, относящееся к общественному достоянию.

Збережено в:
Бібліографічні деталі
Автор: Венгеров С. А.
Формат: Книга
Мова:Russian
Опубліковано: Санкт-Петербург Лань 2017
Онлайн доступ:https://e.lanbook.com/book/96903
https://e.lanbook.com/img/cover/book/96903.jpg
Теги: Додати тег
Немає тегів, Будьте першим, хто поставить тег для цього запису!
LEADER 01032nam0a2200241 i 4500
001 96903
003 RuSpLAN
005 20221220174001.0
008 221220s2017 ru gs 000 0 rus
020 |a 978-5-507-43516-6 
040 |a RuSpLAN 
041 0 |a rus 
044 |a ru 
245 0 0 |a Причины гусситско-таборитского движения  |c Венгеров С. А. 
260 |a Санкт-Петербург  |b Лань  |c 2017 
300 |a 33 с. 
504 |a Библиогр.: доступна в карточке книги, на сайте ЭБС Лань 
520 8 |a Классическое произведение, относящееся к общественному достоянию. 
521 8 |a Книга из коллекции Лань - Социально-гуманитарные науки 
100 1 |a Венгеров С. А. 
856 4 |u https://e.lanbook.com/book/96903 
856 4 8 |u https://e.lanbook.com/img/cover/book/96903.jpg 
953 |a https://e.lanbook.com/img/cover/book/96903.jpg